Local and regional cartography in Medieval Europe

Bibliographic Details
Published in:The history of cartography, J.B. Harley and David Woodward, Chicago [etc.], P. 464-501
Main Author: Harvey, Paul D.A.
Content type: Article
Published: 1987
Source:MPIPL_cat

MARC

LEADER 00000naa a2200000 u 4500
001 PL0053675
003 PLI01000000000000000053356
005 00000000000000.0
008 ||| u
100 1 |a Harvey, Paul D.A. 
245 0 0 |a Local and regional cartography in Medieval Europe  |c P.D.A. Harvey 
260 |c 1987 
696 |a Harvey, Paul Dean Adshead 
773 0 8 |t The history of cartography  |a J.B. Harley and David Woodward  |d Chicago [etc.]  |g P. 464-501  |w MPIPL_cat.PL0053653  |z 0-226-31633-5  |i In: 
952 |h P. 464-501 
996 |a Aufsatz 
997 |a book chapter